Hidráulica de Canales

Bibliographic Details
Main Author:  Universidad Nacional de Ingeniería
Format: Section = Libro
Language:Undetermined
Spanish
Published: Managua [s.e] 2014
Subjects:
LEADER 00452nam a2200169Ia 4500
008 241007s9999||||xx |||||||||||||| ||und||
040 |a BIBLIOTECA-RURC/ 627 M385 
041 |a spa 
082 |a 627 M385 
100 1 |a  Universidad Nacional de Ingeniería 
245 1 0 |a Hidráulica de Canales 
260 |a Managua  |b [s.e]  |c 2014 
300 |a 71 p. :il. 
650 7 |a FLUJO PERMANENTE DE AGUA EN ALCANTARILLADO 
942 |c BK  |2 ddc 
991 |a TEXTO 
999 |c 14493